000 01197nam a2200217 i 4500
001 174398
003 ES-MaACL
005 20250831063042.0
008 100414s1812 sp |||| | spa d
080 _a946.0"1808/1814"(093)
100 1 _aBallesteros López, Francisco,
_d1770-1833
_9125789
245 1 0 _aExcelentisimo señor. Desde la entrega de Barcelona, Figueras, Pamplona y San Sebastian, época en que me hallaba en Madrid, empecé á no perdonar medios para formar la revolucion ... Me hallo sorprendido al ver nombrado al General ingles Lord Wellington en Gefe de los exércitos Españoles por resolucion de las Córtes generales ... 24 de octubre de 1812 ... Francisco Vallesteros ... Ministro de la Guerra /
_c[Francisco Vallesteros].
250 _aReimp.
260 _aCádiz :
_b[s.n.,
_c1812] (
_fImp. de Figueroa)
300 _a[1] h. ;
_c31 cm pleg. en 22 cm.
594 _aSe ha respetado la puntuación original en el título.
596 _aPie de imp. tomado de colofón.
651 4 _aEspaña-
_xHistoria-
_y1808-1814, Guerra de la Independencia-
_vFuentes.
_9142504
852 _aES-MaACL
_jR-3308(6)
_z.- Encuadernado con otras obras
999 _c174398
_d174398